| 000 | 00768cab a22002055a 4500 | ||
|---|---|---|---|
| 001 | L142522 | ||
| 008 | 080221s2008 xxk f 000 0 eng d | ||
| 035 | _a(Sirsi) u142522 | ||
| 041 | 0 | _aeng | |
| 100 | 1 | _aMenary, Steve | |
| 245 | 0 | 0 | _aGoing down |
| 260 | _c2008 | ||
| 490 |
_aHousebuilder _v67(1) January-February 2008, 41-42(1) |
||
| 520 | _aProvides an overview of the state of residential construction in the UK. Finds that in 2007 there was a drop of 29.5% from the previous year. Numbers of all new house types have declined. Presents a list of 2007's planning applications divided by type of residence. | ||
| 590 | _aKA | ||
| 651 | 4 |
_aUnited Kingdom _y |
|
| 690 |
_aPlanning and development _96259 |
||
| 690 |
_aResidential property _96266 |
||
| 942 | _n0 | ||
| 999 |
_c79863 _d79863 |
||